The Vampire Diaires characters season 1-8 - Statistics

General Stats
  • This quiz has been taken 634 times
    623 since last reset
  • The average score is 33 of 241
Answer Stats
characters % Correct
Elena Gilbert
98%
Damon Salvatore
94%
Stefan Salvatore
94%
Caroline Forbes
86%
Jeremy Gilbert
81%
Bonnie Bennett
79%
Tyler Lockwood
73%
Klaus Mikaelson
72%
Alaric Saltzman
67%
Liz Forbes
67%
Katherine Pierce
66%
Elijah Mikaelson
65%
Kol Mikaelson
60%
John gilbert
59%
Carol Lockwood
57%
Enzo
56%
Kai Parker
55%
Silas
55%
Finn Mikaelson
53%
Lily Salvatore
53%
Amara
50%
Mason Lockwood
48%
Liv parker
46%
Esther Mikaelson
44%
Luke Parker
43%
Sheila Bennett
43%
Bill Forbes
42%
Rose
42%
Zach Salvatore
42%
Josie
41%
Lizzie
40%
Emily Bennett
39%
Isobel Flemming
38%
Lexi Branson
38%
Nadia Petrova
37%
Hayley Marshall
36%
Mary Louise
34%
Cade
33%
Tatia
33%
Logan Fell
32%
Miranda Gilbert
31%
Grayson Gilbert
30%
sarah
30%
Seline
29%
Valerie
29%
April Young
27%
Julian
27%
Beau
26%
Jo Laughlin
24%
Jules
24%
Atticus Shane
22%
Jenna Summers
22%
Qetsiyah
22%
Trevor
22%
Anna Zhu
19%
Markos
19%
Nora Hildegard
18%
Pearl Zhu
18%
Liam
17%
Sage
16%
Wes Maxfield
16%
Aaron whitmore
15%
Connor Jordan
15%
Guiseppe Salvatore
15%
Rayna Cruz
15%
Abby Bennett- Wilson
14%
Lucy Bennett
14%
Andie Star
13%
Henrik
13%
Jesse
13%
Mayor Lockwood
13%
Harper
12%
Katerina Petrova
12%
Marcel Gerard
12%
Oscar
12%
Sybill
11%
Matt Donavon
10%
Rudy Hopkins
10%
Vicki Donavon
10%
Dorian
9%
Ivy
9%
Jonas Martin
9%
Tripp Cooke
9%
Georgie
8%
Jamie
8%
Joshua Parker
8%
Michael Mikaelson
8%
Peter Maxwell
8%
Ben McKittrick
7%
Brady
7%
Greta Martin
7%
Maddox
7%
Monique
7%
Penny Ares
7%
Bree
6%
Charlotte
6%
Frederick
6%
Pastor Young
6%
Samantha Gilbert
6%
Tessa
6%
Galen Vaughn
5%
Malcom
5%
Slater
5%
William Tanner
5%
Aimee Bradley
4%
Aja
4%
Ambrose
4%
Dana
4%
George Lockwood
4%
Honoria Fell
4%
Kelly Donavon
4%
Kim
4%
Noah
4%
Sloan
4%
Sophie Deveraux
4%
Adrian
3%
Alexandria St John
3%
Alex St John
3%
Alice
3%
Bethanne
3%
Camille o'Connell
3%
Carter
3%
Dean
3%
Diego
3%
Gregor
3%
Henry Wattles
3%
Lee
3%
Marty Hammond
3%
Megan King
3%
Mindy
3%
Ray Sutton
3%
Tina Fell
3%
Tony
3%
Trudie Peterson
3%
virginia st john
3%
Amanda
2%
Amber Bradley
2%
Blair Fell
2%
Brooke
2%
Chad
2%
Charlie
2%
Colin
2%
Daniel
2%
Diane Freeman
2%
Duke
2%
Jimmy
2%
Joy
2%
Krystal
2%
Lewis
2%
Maggie James
2%
Mama Petrova
2%
Massak
2%
Nate
2%
Papa petrova
2%
summer
2%
Thierry
2%
Tobias Fell
2%
Vanessa Monroe
2%
Young Caroline
2%
Young Damon
2%
Young Elena
2%
Young Nadia
2%
Young Stefan
2%
Zachariah Salvatore
2%
Agnes
1%
Alexandre
1%
Ashlynn
1%
Ayna
1%
Barnett Lockwood
1%
Benjamin Lockwood
1%
Billy
1%
Birdy Mae
1%
Buck
1%
Caitlyn Shane
1%
Callie
1%
Cherie
1%
Chuck
1%
Cindy
1%
Claudire
1%
Cody Weber
1%
Colonel
1%
Cooper
1%
Dalton
1%
Darren
1%
Derek
1%
Dr Gabler
1%
Dr Whitmore
1%
Eddie
1%
Ellis
1%
Frankie
1%
Gail
1%
Gerard Forbes
1%
Heather
1%
Jacob
1%
Jared
1%
Jessica Cohen
1%
Jock
1%
Joesph
1%
Joey
1%
Jolene
1%
Jonathon Gilbert
1%
Juanita
1%
Keisha
1%
Lila
1%
Lonie
1%
Lou
1%
Miss Flowers
1%
Miss Gibbons
1%
Mrs Douglas
1%
Mr Sikes
1%
Nandi Lamache
1%
Notavy
1%
Nurse Haynes
1%
Officer Albert
1%
Old Gloria
1%
Paige
1%
Pastor Bill
1%
Principal Weber
1%
Samara
1%
Seth
1%
Shaman
1%
Shawn
1%
Sofie
1%
Stevie
1%
Sully
1%
Sylvia
1%
Thomas Fell
1%
Tiki
1%
Troy
1%
Young Jo
1%
Young Liv
1%
Brian Walters
0%
Haza
0%
Kristof
0%
Mariana Lcokwood
0%
Officer Baker
0%
Pastor McGinnis
0%
Rene
0%
Ryan
0%
Vincete
0%
Young Gloria
0%
No matching quizzes found
Score Distribution
Percent of People with Each Score
Percentile by Number Answered
Your Score History
You have not taken this quiz since the last reset